LEADER 00807nam0-22002891i-450- 001 990006172740403321 005 19980601 035 $a000617274 035 $aFED01000617274 035 $a(Aleph)000617274FED01 035 $a000617274 100 $a19980601d1944----km-y0itay50------ba 105 $a--------00-yy 200 1 $a<>financement des guerres$fFernand Baudhuin. 205 $a10 ed. - 210 $aLouvain$cInstitut de Recherches Economiques et Sociales$d1944 215 $a312 p.$d24 cm 676 $a355.02 700 1$aBaudhuin,$bFernand$f<1894-1977>$0120571 801 0$aIT$bUNINA$gRICA$2UNIMARC 901 $aBK 912 $a990006172740403321 952 $aXIV D 166$b63049$fFGBC 959 $aFGBC 996 $aFinancement des guerres$9647174 997 $aUNINA DB $aGIU01 LEADER 00773nam0-22002891i-450- 001 990000499950403321 005 20100209123947.0 035 $a000049995 035 $aFED01000049995 035 $a(Aleph)000049995FED01 035 $a000049995 100 $a20020821d1964----km-y0itay50------ba 101 0 $aeng 105 $ay-------001yy 200 1 $aDielectrics$fJ. C. Anderson 210 $aLondon$cChapman and Hall$d1964 215 $a171 p.$cill.$d24 cm 225 1 $aModern electrical studies 610 0 $aDielettrici 676 $a537.24 700 1$aAnderson,$bJ. C.$g 801 0$aIT$bUNINA$gRICA$2UNIMARC 901 $aBK 912 $a990000499950403321 952 $a10 C I 173$b5692$fDINEL 959 $aDINEL 997 $aUNINA